Foreign policy in post-communist EU
Prínos nových členských štátov (NMS- New member states) do Európskej únie po roku 2004. Upozornenie na kľúčové preferencie zahraničnej a bezpečnostnej politiky NMS. Aké politické inovácie, ak vôbec nejaké, priniesli post-komunistické krajiny do zahraničnej agendy EÚ. Rozdielne záujmy a geografické r...
Uložené v:
| Hlavný autor: | |
|---|---|
| Médium: | Kapitola |
| Jazyk: | English |
| Predmet: | |
| Tagy: |
Žiadne tagy, Buďte prvý, kto otaguje tento záznam!
|
MARC
| LEADER | 00000naa a2200000 4500 | ||
|---|---|---|---|
| 001 | 0125536 | ||
| 005 | 20231009114211.0 | ||
| 041 | 0 | |a eng | |
| 044 | |a SK | ||
| 245 | 1 | 0 | |a Foreign policy in post-communist EU |c Vladimír Bilčík |
| 520 | |a Prínos nových členských štátov (NMS- New member states) do Európskej únie po roku 2004. Upozornenie na kľúčové preferencie zahraničnej a bezpečnostnej politiky NMS. Aké politické inovácie, ak vôbec nejaké, priniesli post-komunistické krajiny do zahraničnej agendy EÚ. Rozdielne záujmy a geografické rozdiely zahraničnej politiky post-komunistickej Európy. | ||
| 610 | 2 | 0 | |a politika bezpečnostná |
| 610 | 2 | 0 | |a politika zahraničná |
| 610 | 2 | 0 | |a integrácia ekonomická medzinárodná |
| 610 | 2 | 0 | |a Európska únia |
| 100 | 1 | |a Bilčík, Vladimír | |